यात्रा / (Record no. 11363)

MARC details
000 -LEADER
fixed length control field 01096 a2200217 4500
005 - DATE AND TIME OF LATEST TRANSACTION
control field 2008090200370.0
008 - FIXED-LENGTH DATA ELEMENTS--GENERAL INFORMATION
fixed length control field 080902t xxu||||| |||| 00| 0 hin d
010 ## - LIBRARY OF CONGRESS CONTROL NUMBER
LC control number HIN-82944
020 ## - INTERNATIONAL STANDARD BOOK NUMBER
Terms of availability 175.00
International Standard Book Number 9788190545266
035 ## - SYSTEM CONTROL NUMBER
System control number HN-55290
037 ## - SOURCE OF ACQUISITION
Source of stock number/acquisition पु.प्र.अ.प्र/प्रका
082 ## - DEWEY DECIMAL CLASSIFICATION NUMBER
Classification number 808.883
100 ## - MAIN ENTRY--PERSONAL NAME
Personal name भ्रमर , रामकुमार
245 ## - TITLE STATEMENT
Title यात्रा /
Statement of responsibility, etc रामकुमार भ्रमर
246 ## - VARYING FORM OF TITLE
Title proper/short title Yatra
Remainder of title by Ram Kumar Bhramar
260 ## - PUBLICATION, DISTRIBUTION, ETC. (IMPRINT)
Place of publication, distribution, etc दिल्ली
Name of publisher, distributor, etc नीति पब्लिकेशन
Date of publication, distribution, etc 2007
270 ## - ADDRESS
Address 50, मेधा अपार्टमेट्स, मयूर विहार-1,
City दिल्ली
Postal code 110091
300 ## - PHYSICAL DESCRIPTION
Extent 158पृ
Dimensions 22 सेमी (सजिल्द)
Other physical details रंगीन चित्र
942 ## - ADDED ENTRY ELEMENTS (KOHA)
Institution code [OBSOLETE] dpl
Koha item type Hindi Books
Call number prefix 808.883 / भ्रमर
Source of classification or shelving scheme Dewey Decimal Classification
Classification part 808.883
Call number suffix भ्रमर
Holdings
Withdrawn status Lost status Damaged status Not for loan Collection code Home library Current library Date acquired Cost, normal purchase price Total Checkouts Full call number Barcode Date last seen Copy number Uniform Resource Identifier Cost, replacement price Price effective from Koha item type
      Not For Loan Non-fiction D.B.Act.Division D.B.Act.Division 02/09/2008 175.00   808.883 भ्रमर HN-55290 15/09/2008 1 12475 175.00 15/09/2008 Hindi Books

© Delhi Public Library
Hit Counter
free hit counter